| 000 | 02588nam0a2200397 4500 | ||
|---|---|---|---|
| 001 | RU\NLR\bibl\2012619 | ||
| 005 | 20250616213917.0 | ||
| 010 |
_a978-5-8393-0426-6 _950 |
||
| 021 |
_aRU _b2013-12556 _9897 |
||
| 021 |
_aRU _b2013-14303 _91017 |
||
| 035 | _a(NLR Aleph) 002001114 | ||
| 090 |
_a4360507 _c4360507 |
||
| 100 | _a20130318d2012 |||y0rusy50 ca | ||
| 101 | 0 | _arus | |
| 102 | _aRU | ||
| 105 | _aa ||||||||| | ||
| 200 | 1 |
_aИнциденты и аварии в нефтяной и газовой промышленности _eучебное пособие для студентов высших учебных заведений, обучающихся по направлению 280200 "Защита окружающей среды" _fС.И. Одинцов, С.Ю. Ксандопуло, С.Ю. Маринин _gМ-во образования и науки Рос. Федерации, Федер. гос. бюджет. образоват. учреждение высш. проф. образования "Кубан. гос. технол. ун-т" |
|
| 210 |
_aКраснодар _cФГБОУ ВПО "КубГТУ" _d2012 |
||
| 215 |
_a173 с. _cил. _d21 |
||
| 320 | _aБиблиогр.: с. 172-173 (20 назв.) | ||
| 606 | 1 |
_aГазовые скважины _jУчебные издания для высших учебных заведений _xАварии _xЛиквидация _92104572 _3RU\NLR\auth\661576109 |
|
| 606 | 1 |
_aНефтяные скважины _jУчебные издания для высших учебных заведений _xАварии _xЛиквидация _92104567 _3RU\NLR\auth\661576107 |
|
| 606 | 1 |
_aГазопроводы магистральные _jУчебные издания для высших учебных заведений _xАварии _91425207 _3RU\NLR\auth\66290580 |
|
| 606 | 1 |
_aОкружающая среда _jУчебные издания для высших учебных заведений _xЗагрязнение отходами нефтегазовой промышленности _92140979 _3RU\NLR\auth\661290425 |
|
| 686 | _aЛ54н6я73-1 | ||
| 686 | _aО76-082.03я73-1 | ||
| 686 | _aИ131.09,7я73-1 | ||
| 700 | 1 |
_aОдинцов _bС. И. _gСергей Иванович _4070 |
|
| 701 | 1 |
_4070 _aКсандопуло _bС. Ю. _gСветлана Юрьевна _9185951 _3RU\NLR\AUTH\770186002 |
|
| 701 | 1 |
_aМаринин _bС. Ю. _gСергей Юрьевич _4070 |
|
| 801 | 0 |
_aRU _bNLR _c20130318 _gRCR |
|
| 801 | 1 |
_aRU _bNLR _c20130318 |
|
| 942 | _cBOOK | ||
| 980 | _aNB | ||